| 000 | 01198nam a22003497a 4500 | ||
|---|---|---|---|
| 003 | CHAP | ||
| 005 | 20220329133535.0 | ||
| 008 | 971013s1993 r 00010 d | ||
| 010 | _a7613 | ||
| 011 | _a8585 | ||
| 035 | _a7814 | ||
| 040 | _cCHAP | ||
| 090 | _aTesis | ||
| 100 | 0 | 0 |
_aAlfaro Martinez, Jorge. _93912 |
| 245 | _aFundamentación del mecanismo de corte para una cortadora de alfalfa | ||
| 260 |
_aChapingo, Méx. : _bEl autor, _c1993 |
||
| 300 |
_a102 h. _b: ilus. _e+ anexo |
||
| 502 | _aTesis (Ing. Mecánico Agric.) -- UACH. Departamento de Ingeniería Mecánica Agrícola | ||
| 590 |
_aALEPH _b10 _c20130110 _lUCH01 _h1220 |
||
| 590 |
_aBATCH-UPD _b10 _c20130110 _lUCH01 _h0241 |
||
| 590 |
_aBATCH-UPD _b10 _c20130110 _lUCH01 _h2111 |
||
| 590 |
_aBATCH-UPD _b10 _c20130410 _lUCH01 _h1422 |
||
| 590 |
_aBATCH-UPD _b10 _c20130914 _lUCH01 _h1051 |
||
| 590 |
_aCONVERSION _b10 _c20130109 _lUCH01 _h1305 |
||
| 650 | 1 | 4 |
_aCortadoras. _928280 |
| 650 | 1 | 4 |
_aMaquinaria agrícola. _971151 |
| 700 | 0 |
_aLule Contreras, Fidel. _968993 |
|
| 710 | 0 |
_aUACH. Departamento de Ingeniería Mecánica Agrícola. _9115872 |
|
| 901 | _aBK | ||
| 942 | _cTESIS | ||
| 949 |
_bBC _cTES _d-17672 _eTS1 _h26232 _i7814 _si |
||
| 999 |
_c7613 _d7613 |
||